LEADER 00896nam0-2200301---450- 001 990000275880403321 005 20091204154958.0 035 $a000027588 035 $aFED01000027588 035 $a(Aleph)000027588FED01 035 $a000027588 100 $a20020821d1975----km-y0itay50------ba 101 0 $aeng 102 $aIT 105 $aa-------001yy 200 1 $a<>site study of the multiple effects of thermal releases on the aquatic life in an estuarine area$fD. Borgese ... [et al.] 210 $aRoma$cENEL$d1975 215 $a17 p.$c7 ill.$d30 cm 225 1 $aRelazione di studio e ricerca$fENEL$v261 676 $a665 702 1$aBorgese,$bDomenico 712 02$aENEL$9 801 0$aIT$bUNINA$gRICA$2UNIMARC 901 $aBK 912 $a990000275880403321 952 $a04 007-2/261$bCI$fDINCH 959 $aDINCH 997 $aUNINA LEADER 01576nam0-2200337 --450 001 9910678700403321 005 20230403134215.0 010 $a978-88-94869-26-2 020 $aIT$b2018-9256 100 $a20230403d2017----kmuy0itay5050 ba 101 0 $aita$aeng 102 $aIT 105 $aa 001yy 200 1 $a<>valutazione del rischio sismico nel complesso della Galleria dell'Accademia di Firenze$eun'applicazione sperimentale delle linee guida MiBACT per la valutazione e riduzione del rischio sismico del patrimonio culturale (2009-2013)$fa cura di / edited by Giuseppe Giorgianni 210 $aFirenze$cAltralinea Edizioni$d2017 215 $a198 p.$cill.$d28 cm 225 1 $aPristina servare$v10 300 $aIn testa al frontespizio: MiBACT 300 $aTesti in italiano e inglese 510 1 $a<>evaluation of seismic risk in the complex of the Galleria dell'Accademia of Florence$ean experimental application of the MiBACT guidelines for the evaluation and reduction of seismic risk of cultural heritage (2009-2013) 610 0 $aGalleria dell'Accademia di Firenze$aRischio sismico$aValutazione 676 $a363.690945511 702 1$aGiorgianni,$bGiuseppe$f<1962- > 712 01$aItalia.$bMinistero per i beni e le attivitą culturali e del turismo 801 0$aIT$bUNINA$gREICAT$2UNIMARC 901 $aBK 912 $a9910678700403321 952 $aREST C 167$b123 bis/2023$fFARBC 959 $aFARBC 996 $aValutazione del rischio sismico nel complesso della Galleria dell'Accademia di Firenze$93081891 997 $aUNINA